000 00848nam a2200217Ia 4500
003 GCL
008 140319s9999 xx 000 0 ara d
040 _aGCL /
_cGCL
082 0 4 _a327.114
_bم م
100 1 _aمحمود سمير احمد
245 1 0 _aمعارك المياة المقبلة فى الشرق الاوسط رؤية :
_bمستقبلية حول اهمية المياة كعامل سلم او حرب فى السنوات القادمة /
_cمحمود سمير احمد
260 _aالقاهرة :
_bدار المستقبل العربى
300 _a176 ص ؛
_c20 سم
490 _a
650 0 4 _aالاحوال السياسية
650 0 4 _aالنزاع العربى الاسرائيلى
650 0 4 _aالشرق الاوسط
650 0 4 _aالمياه
650 0 4 _aالمياه الاقليمية
942 _2ddc
_cBK
999 _c55315
_d55315